Countries in Spanish - Statistics

General Stats
  • This quiz has been taken 17 times
  • The average score is 12 of 15
Answer Stats
Spanish English % Correct
República Dominicana Dominican Republic
100%
Nueva Zelanda New Zealand
100%
Sudáfrica South Africa
100%
Baréin Bahrain
87%
Líbano Lebanon
87%
Marruecos Morocco
87%
Yibuti Djibouti
80%
Alemania Germany
80%
Eslovaquia Slovakia
80%
letonia Latvia
73%
Suecia Sweden
73%
Costa de Marfil Ivory Coast
67%
Países Bajos Netherlands
67%
Argelia Algeria
53%
Birmania Myanmar
53%
No matching quizzes found
Score Distribution
Percent of People with Each Score
Percentile by Number Answered
Your Score History
You have not taken this quiz